Most Identified Birds in the United States - Statistics

General Stats
  • This quiz has been taken 38 times
  • The average score is 6 of 15
Answer Stats
Observations Bird % Correct
228k American Robin
72%
280k Mallard
72%
205k Northern Cardinal
72%
205k Canada Goose
64%
144k House Sparrow
64%
144k Northern Mockingbird
36%
207k Red-tailed Hawk
36%
170k House Finch
33%
164k Mourning Dove
33%
127k Song Sparrow
25%
241k Great Blue Heron
22%
152k Great Egret
22%
143k Red-winged Blackbird
19%
124k Dark-eyed Junco
14%
122k Yellow-rumped Warbler
6%
No matching quizzes found
Score Distribution
Percent of People with Each Score
Percentile by Number Answered
Your Score History
You have not taken this quiz